000 00360pab a2200145 454500
008 180718b2002 xxu||||| |||| 00| 0 eng d
100 _aPatil, R.H.
245 _aDemutualisation of stock exchanges
260 _c2002
300 _ap.1103-105.
362 _a23 Mar
650 _aFinancial markets
773 _aEconomic and Political Weekly
909 _a52050
999 _c52050
_d52050